[Event "Ruhrgebiet VK3 0405"]
[Site "Ruhrgebiet"]
[Date "2004.10.10"]
[Round "2.8"]
[White "Kraus, Tanja"]
[Black "Holtkamp, Patrik"]
[Result "1/2-1/2"]
[WhiteElo "1754"]
[BlackElo "1790"]
[PlyCount "49"]
[EventDate "2004.09.12"]
[EventType "team-tourn"]
[EventRounds "9"]
[EventCountry "GER"]
[SourceTitle "EXT 2006"]
[Source "ChessBase"]
[SourceDate "2005.11.24"]
[SourceVersion "1"]
[SourceVersionDate "2005.11.24"]
[SourceQuality "1"]
[WhiteTeam "Wattenscheid IV"]
[BlackTeam "Dortmund 1875"]
[WhiteTeamCountry "GER"]
[BlackTeamCountry "GER"]

1. d4 Nf6 2. Nc3 d5 3. Bg5 g6 4. Bxf6 exf6 5. e3 c6 6. Bd3 f5 7. Nge2 Nd7 8. 0-0 Bd6 9. f3 Nf6 10. Qe1 Kf8 11. e4 fxe4 12. fxe4 dxe4 13. Nxe4 Nxe4 14. Bxe4 Kg7 15. Qf2 f5 16. Bd3 Rf8 17. Nf4 Bxf4 18. Qxf4 Qf6 19. Bc4 Be6 20. Bxe6 Qxe6 21. Rae1 Qf6 22. Re5 Rae8 23. Rf3 Rxe5 24. dxe5 Qe7 25. Qe3 1/2-1/2

[Event "Ruhrgebiet VK3 0304"]
[Site "Ruhrgebiet"]
[Date "2003.10.26"]
[Round "2.7"]
[White "Wisotzky, Klaus"]
[Black "Holtkamp, Patrik"]
[Result "1/2-1/2"]
[WhiteElo "1677"]
[BlackElo "1748"]
[PlyCount "57"]
[EventDate "2003.09.28"]
[EventType "team-tourn"]
[EventRounds "9"]
[EventCountry "GER"]
[SourceTitle "EXT 2007"]
[Source "ChessBase"]
[SourceDate "2006.11.23"]
[SourceVersion "1"]
[SourceVersionDate "2006.11.23"]
[SourceQuality "1"]
[WhiteTeam "Muelheim Heissen II"]
[BlackTeam "Dortmund SV"]
[WhiteTeamCountry "GER"]
[BlackTeamCountry "GER"]

1. d4 Nf6 2. Nf3 d5 3. e3 c6 4. c4 e6 5. Nbd2 Nbd7 6. Bd3 Bd6 7. b3 0-0 8. 0-0 Re8 9. Bb2 e5 10. dxe5 Nxe5 11. Nxe5 Bxe5 12. Bxe5 Rxe5 13. Nf3 Rh5 14. Be2 Rh6 15. cxd5 Qxd5 16. Qxd5 Nxd5 17. Bc4 Nb6 18. Rfd1 Bg4 19. Be2 Kf8 20. h3 Bxf3 21. Bxf3 Ke7 22. Rd2 Rd6 23. Rad1 Rad8 24. Rxd6 Rxd6 25. Kf1 Rxd1+ 26. Bxd1 Nd5 27. Bc2 h6 28. Ke1 Kd6 29. a3 1/2-1/2